000 00636nam a2200265Ia 4500
005 20250425162351.0
008 250425s9999 xx 000 0 und d
020 _a9780136020608
041 _aeng
082 _a624.171
100 _aHIBBELER, R. C.
245 0 _aSTRUCTURAL ANALYSIS
250 _a7TH ED.
260 _aEstados Unidos
_bPEARSON - PRENTICE HALL
_c2009
260 _aS.L.
300 _a667
650 _aANALISIS ESTRUCTURAL
650 _aARCO
650 _aARMADURAS
650 _aCARGA-DEFORMACION
650 _aDEFLEXIONES
650 _aELEMENTOS ESTRUCTURALES
942 _c01
010 _a66354
999 _c227783
_d227783